[Event "Niederbayernliga 1314"]
[Site "Bayern"]
[Date "2014.??.??"]
[Round "9"]
[White "Siemens, Andreas"]
[Black "Sinnhoefer, Hartmut"]
[Result "1-0"]
[WhiteElo "1978"]
[BlackElo "1774"]
[PlyCount "73"]
[EventDate "2013.10.13"]
[EventType "team-tourn"]
[EventRounds "9"]
[EventCountry "GER"]
[SourceTitle "EXT 2023"]
[Source "ChessBase"]
[SourceDate "2022.10.05"]
[SourceVersion "1"]
[SourceVersionDate "2022.10.05"]
[SourceQuality "1"]
[WhiteTeam "Rottal II"]
[BlackTeam "Aidenbach"]
[WhiteTeamCountry "GER"]
[BlackTeamCountry "GER"]

1. Nf3 d5 2. c4 dxc4 3. e4 e5 4. Bxc4 Nc6 5. 0-0 Be7 6. Qb3 Nh6 7. Bb5 Bf6 8. d3 Bd7 9. Nc3 a6 10. Bc4 Na5 11. Qc2 Nxc4 12. dxc4 c6 13. Rd1 Qe7 14. Na4 Bg4 15. Rd3 Rd8 16. Be3 Rxd3 17. Qxd3 Bxf3 18. gxf3 Bg5 19. Bc5 Qf6 20. Rd1 Qe6 21. Qd6 Qxd6 22. Bxd6 b5 23. Nc5 Be7 24. Nxa6 Bxd6 25. Rxd6 0-0 26. Rxc6 bxc4 27. Rxc4 f5 28. h3 Rd8 29. b4 Rd3 30. b5 Rd1+ 31. Kg2 Rb1 32. a4 g6 33. Rb4 Rxb4 34. Nxb4 Nf7 35. b6 Nd6 36. a5 Kf7 37. a6 1-0

[Event "Niederbayernliga 1213"]
[Site "Bayern"]
[Date "2013.??.??"]
[Round "5"]
[White "Sinnhoefer, Hartmut"]
[Black "Bernauer, Thomas"]
[Result "0-1"]
[WhiteElo "1771"]
[BlackElo "1947"]
[PlyCount "66"]
[EventDate "2012.10.14"]
[EventType "team-tourn"]
[EventRounds "9"]
[EventCountry "GER"]
[SourceTitle "EXT 2023"]
[Source "ChessBase"]
[SourceDate "2022.10.05"]
[SourceVersion "1"]
[SourceVersionDate "2022.10.05"]
[SourceQuality "1"]
[WhiteTeam "Aidenbach"]
[BlackTeam "Grafenau"]
[WhiteTeamCountry "GER"]
[BlackTeamCountry "GER"]

1. Nf3 Nf6 2. g3 c5 3. Bg2 Nc6 4. 0-0 g6 5. c4 Bg7 6. Nc3 0-0 7. d3 a6 8. a3 Rb8 9. a4 d6 10. Ng5 Bd7 11. Nge4 Nxe4 12. Bxe4 Nb4 13. Be3 Bc6 14. Qc1 Bxe4 15. Nxe4 b5 16. axb5 axb5 17. Bh6 bxc4 18. Bxg7 Kxg7 19. Qc3+ Kg8 20. dxc4 Nc6 21. Qd2 Nd4 22. Ra7 Re8 23. Ra2 Rb4 24. Rc1 f6 25. Qe3 Qb8 26. Rc3 Rxb2 27. Rxb2 Qxb2 28. Nxf6+ Kf7 29. Nxe8 Qxc3 30. Qxc3 Nxe2+ 31. Kf1 Nxc3 32. Nc7 Na4 33. Ke2 Nb2 0-1

[Event "Niederbayern-ch Seniors 47th"]
[Site "Aidenbach"]
[Date "2006.04.22"]
[Round "7"]
[White "Sinnhoefer, Hartmut"]
[Black "Koenigl, Anton"]
[Result "1/2-1/2"]
[WhiteElo "1810"]
[BlackElo "1748"]
[PlyCount "136"]
[EventDate "2006.04.18"]
[EventType "swiss"]
[EventRounds "7"]
[EventCountry "GER"]
[SourceTitle "EXT 2007"]
[Source "ChessBase"]
[SourceDate "2006.11.23"]
[SourceVersion "1"]
[SourceVersionDate "2006.11.23"]
[SourceQuality "1"]

1. e4 c5 2. Nc3 d6 3. g3 g6 4. Bg2 Bg7 5. d3 Nc6 6. Nge2 Nf6 7. 0-0 0-0 8. Bd2 Bd7 9. Rb1 Rb8 10. a4 a6 11. b3 b5 12. axb5 axb5 13. Nd5 b4 14. Nef4 e6 15. Nxf6+ Bxf6 16. Be3 Bg7 17. Ne2 Qb6 18. Qd2 Rfe8 19. Bf4 Ne7 20. Bh6 Bh8 21. h4 Ra8 22. h5 Ra2 23. hxg6 hxg6 24. Bf3 Nc6 25. Bf4 Ne7 26. Kg2 Rea8 27. Rh1 Ra1 28. Rxa1 Rxa1 29. Rxa1 Bxa1 30. Qd1 Bg7 31. Be3 Nc6 32. Bf4 Na7 33. Qb1 Nb5 34. Bc1 Bc6 35. Bb2 Na3 36. Qc1 Bxb2 37. Qxb2 e5 38. Qc1 Kg7 39. Ng1 f6 40. c4 Qb7 41. Qd1 Qa8 42. Kf1 Qh8 43. Kg2 Bd7 44. Bg4 f5 45. exf5 gxf5 46. Bf3 Kf6 47. Bd5 Qh6 48. Nf3 Be8 49. Qh1 Qxh1+ 50. Kxh1 Nc2 51. Nd2 Ne1 52. f3 Nxd3 53. Kg2 Ne1+ 54. Kf1 Nc2 55. Kf2 Nd4 56. Ke3 Bg6 57. Bb7 Nc2+ 58. Kf2 Na1 59. Bc6 Bf7 60. Ke3 Bh5 61. Kd3 e4+ 62. fxe4 fxe4+ 63. Nxe4+ Ke5 64. Nd2 Bg6+ 65. Ke2 Kd4 66. g4 Bc2 67. Ba4 Kc3 68. g5 Bf5 1/2-1/2

[Event "Niederbayern-ch Seniors 46th"]
[Site "Vilshofen"]
[Date "2005.??.??"]
[Round "3"]
[White "Reisinger, Georg"]
[Black "Sinnhoefer, Hartmut"]
[Result "0-1"]
[WhiteElo "1756"]
[BlackElo "1861"]
[PlyCount "96"]
[EventDate "2005.03.29"]
[EventType "swiss"]
[EventRounds "7"]
[EventCountry "GER"]
[SourceTitle "EXT 2007"]
[Source "ChessBase"]
[SourceDate "2006.11.23"]
[SourceVersion "1"]
[SourceVersionDate "2006.11.23"]
[SourceQuality "1"]

1. e4 c5 2. Nf3 a6 3. d4 cxd4 4. Nxd4 Nf6 5. Nc3 e5 6. Nf3 Bb4 7. Bd3 0-0 8. Bd2 Nc6 9. a3 Bxc3 10. Bxc3 Re8 11. 0-0 d6 12. h3 Qc7 13. Bd2 h6 14. Re1 Be6 15. Qc1 Kh7 16. c3 Ne7 17. Nh4 Qd7 18. Kh2 Ng6 19. Nxg6 fxg6 20. Qc2 Rf8 21. Rf1 g5 22. g4 Kh8 23. Rad1 Qc7 24. f3 Rac8 25. Rc1 Qb8 26. Qb1 b5 27. Be3 d5 28. Kg2 Rfd8 29. b4 Rc6 30. Rh1 Rdc8 31. Bd2 Rd8 32. Rcd1 Rcd6 33. Be3 dxe4 34. fxe4 Rc6 35. Bd2 Bc4 36. Bc2 Rcd6 37. Be3 Qc8 38. Rxd6 Rxd6 39. Rd1 Rc6 40. Bc5 Nxg4 41. Kg3 Nf6 42. Rd2 Nh5+ 43. Kh2 Nf4 44. Qe1 Qxh3+ 45. Kg1 Qg4+ 46. Kh1 Be2 47. Qf2 Bf3+ 48. Kh2 Qh3+ 0-1

[Event "Bad Griesbach Seniors op 7th"]
[Site "Bad Griesbach"]
[Date "2004.12.11"]
[Round "7"]
[White "Koenigl, Anton"]
[Black "Sinnhoefer, Hartmut"]
[Result "0-1"]
[WhiteElo "1792"]
[BlackElo "1883"]
[PlyCount "96"]
[EventDate "2004.12.05"]
[EventType "swiss"]
[EventRounds "7"]
[EventCountry "GER"]
[SourceTitle "EXT 2006"]
[Source "ChessBase"]
[SourceDate "2005.11.24"]
[SourceVersion "1"]
[SourceVersionDate "2005.11.24"]
[SourceQuality "1"]

1. c4 Nf6 2. Nc3 d6 3. g3 e5 4. Bg2 Be7 5. Nf3 Nc6 6. a3 0-0 7. Qc2 Bg4 8. e3 Rb8 9. 0-0 Bh5 10. b4 a6 11. Bb2 Bg6 12. d3 h6 13. Rad1 Qc8 14. Nh4 Bh7 15. Qe2 Ne8 16. Nf3 Bf5 17. Nd5 Bd8 18. Nd2 Bh3 19. f4 Bxg2 20. Kxg2 Nf6 21. Nxf6+ Bxf6 22. Ne4 Be7 23. Nc3 exf4 24. gxf4 Bf6 25. d4 Re8 26. Nd5 Bd8 27. Qf3 Ne7 28. e4 Ng6 29. Kh1 Nh4 30. Qe2 c6 31. Nc3 b5 32. cxb5 axb5 33. Rg1 d5 34. Qh5 dxe4 35. Qxh6 g6 36. d5 Nf5 37. Qh3 Ng7 38. Qxc8 Rxc8 39. dxc6 Rxc6 40. Nxb5 Nf5 41. Rd5 Nh4 42. Nd4 Rc8 43. Rc1 Bf6 44. Rdc5 Rxc5 45. Rxc5 e3 46. Kg1 Bxd4 47. Bxd4 Nf3+ 48. Kf1 Nxd4 0-1

[Event "Bad Griesbach Seniors op 7th"]
[Site "Bad Griesbach"]
[Date "2004.12.09"]
[Round "5"]
[White "Sinnhoefer, Hartmut"]
[Black "Reisinger, Georg"]
[Result "1/2-1/2"]
[WhiteElo "1883"]
[BlackElo "1746"]
[PlyCount "86"]
[EventDate "2004.12.05"]
[EventType "swiss"]
[EventRounds "7"]
[EventCountry "GER"]
[SourceTitle "EXT 2006"]
[Source "ChessBase"]
[SourceDate "2005.11.24"]
[SourceVersion "1"]
[SourceVersionDate "2005.11.24"]
[SourceQuality "1"]

1. e4 c5 2. c3 d6 3. d4 Nf6 4. Bd3 Nc6 5. Ne2 g6 6. 0-0 Bg7 7. d5 Ne5 8. Bb5+ Bd7 9. Bxd7+ Nexd7 10. Ng3 h5 11. h4 Qb6 12. Nd2 0-0 13. Nc4 Qc7 14. a4 a6 15. Bf4 Ng4 16. f3 Nge5 17. Nxe5 Nxe5 18. Ne2 c4 19. Bxe5 Bxe5 20. Qd2 Kh7 21. f4 Bg7 22. f5 Bh6 23. Qc2 Qc5+ 24. Kh1 Qc8 25. Rf3 Qe8 26. Raf1 f6 27. Nd4 Rg8 28. Ne6 Rc8 29. Nd4 g5 30. hxg5 Rxg5 31. Rh3 Rg4 32. Nf3 Qf7 33. Nh4 Rcg8 34. Ng6 R8xg6 35. fxg6+ Qxg6 36. Rf5 h4 37. Qe2 b5 38. axb5 axb5 39. Rhf3 Bg5 40. Rh3 Bh6 41. Rhf3 Bg5 42. Rf1 Rg3 43. R1f3 Rg4 1/2-1/2

[Event "Bad Griesbach Seniors op 6th"]
[Site "Bad Griesbach"]
[Date "2003.12.03"]
[Round "4"]
[White "Bilyavskyy, Borys"]
[Black "Sinnhoefer, Hartmut"]
[Result "1/2-1/2"]
[WhiteElo "1802"]
[BlackElo "1861"]
[PlyCount "40"]
[EventDate "2003.11.30"]
[EventType "swiss"]
[EventRounds "7"]
[EventCountry "GER"]
[SourceTitle "EXT 2006"]
[Source "ChessBase"]
[SourceDate "2005.11.24"]
[SourceVersion "1"]
[SourceVersionDate "2005.11.24"]
[SourceQuality "1"]

1. e4 c5 2. f4 d5 3. exd5 Qxd5 4. Nc3 Qd8 5. Bb5+ Bd7 6. Nf3 Bxb5 7. Nxb5 a6 8. Nc3 Nc6 9. 0-0 Nf6 10. d3 e6 11. Re1 Be7 12. b3 0-0 13. Bb2 Qc7 14. Ne5 Rad8 15. Nxc6 Qxc6 16. Ne4 Nxe4 17. Rxe4 Qxe4 18. dxe4 Rxd1+ 19. Rxd1 Rd8 20. Rxd8+ Bxd8 1/2-1/2

[Event "Niederbayern-ch Seniors 44th"]
[Site "Untergriesbach"]
[Date "2003.??.??"]
[Round "1"]
[White "Sinnhoefer, Hartmut"]
[Black "Schwarz, Volkmar"]
[Result "1-0"]
[WhiteElo "1925"]
[BlackElo "1515"]
[PlyCount "67"]
[EventDate "2003.04.16"]
[EventType "swiss"]
[EventRounds "7"]
[EventCountry "GER"]
[SourceTitle "EXT 2008"]
[Source "ChessBase"]
[SourceDate "2007.11.25"]
[SourceVersion "1"]
[SourceVersionDate "2007.11.25"]
[SourceQuality "1"]

1. e4 e5 2. Nf3 d6 3. d4 exd4 4. Nxd4 Be7 5. Bc4 Nf6 6. Nc3 0-0 7. 0-0 a6 8. h3 c5 9. Nf3 b5 10. Bd5 Nxd5 11. Nxd5 Be6 12. Bf4 Bxd5 13. Qxd5 Ra7 14. Rad1 Rd7 15. Rfe1 Qc8 16. Re2 Rfd8 17. Red2 Qc6 18. c3 Qxd5 19. Rxd5 f6 20. g4 g5 21. Be3 Kf7 22. Kg2 h6 23. Ng1 Nc6 24. Bxc5 Ke6 25. Be3 Na5 26. Ne2 Nc4 27. Nd4+ Kf7 28. Bc1 Nb6 29. Rf5 d5 30. e5 Kg6 31. Nc6 Re8 32. Nxe7+ Rdxe7 33. Rxf6+ Kg7 34. Rxb6 1-0

[Event "Bad Griesbach Seniors op 4th"]
[Site "Bad Griesbach"]
[Date "2002.01.11"]
[Round "6"]
[White "Sinnhoefer, Hartmut"]
[Black "Nikolic, Stanimir"]
[Result "0-1"]
[WhiteElo "1876"]
[BlackElo "2302"]
[PlyCount "44"]
[EventDate "2002.01.06"]
[EventType "swiss"]
[EventRounds "7"]
[EventCountry "GER"]
[SourceTitle "EXT 2006"]
[Source "ChessBase"]
[SourceDate "2005.11.24"]
[SourceVersion "1"]
[SourceVersionDate "2005.11.24"]
[SourceQuality "1"]

1. e4 c5 2. Nf3 d6 3. Bb5+ Nd7 4. d4 cxd4 5. Qxd4 a6 6. Bxd7+ Bxd7 7. 0-0 Bc6 8. Nc3 Nf6 9. Re1 e5 10. Qd3 h6 11. Nd5 Rc8 12. Bd2 Bb5 13. Qb3 Nxd5 14. exd5 Qc7 15. c3 Bc4 16. Qa4+ Qd7 17. Qxd7+ Kxd7 18. b3 Bxd5 19. c4 Be6 20. Rad1 Kc6 21. Bb4 b6 22. Ba3 Bg4 0-1

[Event "Bad Griesbach Seniors op 3rd"]
[Site "Bad Griesbach"]
[Date "2000.11.22"]
[Round "4"]
[White "Sinnhoefer, Hartmut"]
[Black "Kasueschke, Gregor"]
[Result "0-1"]
[WhiteElo "1848"]
[BlackElo "2049"]
[PlyCount "64"]
[EventDate "2000.11.19"]
[EventType "swiss"]
[EventRounds "7"]
[EventCountry "GER"]
[SourceTitle "EXT 2006"]
[Source "ChessBase"]
[SourceDate "2005.11.24"]
[SourceVersion "1"]
[SourceVersionDate "2005.11.24"]
[SourceQuality "1"]

1. e4 c6 2. Nf3 d5 3. Nc3 Bg4 4. h3 Bh5 5. exd5 cxd5 6. g4 Bg6 7. Bb5+ Nc6 8. Ne5 Rc8 9. d3 d4 10. Bxc6+ bxc6 11. Nxg6 hxg6 12. Ne4 e5 13. Qf3 Qd5 14. Ng5 f6 15. Ne4 Bb4+ 16. Bd2 a5 17. a3 Bxd2+ 18. Nxd2 Ne7 19. Ke2 Qc5 20. Nc4 Nd5 21. Kd2 Nb6 22. Nxb6 Qxb6 23. Rab1 a4 24. b4 axb3 25. Rxb3 Qa5+ 26. Ke2 0-0 27. Rhb1 f5 28. g5 e4 29. Qf4 Qd5 30. Rb7 Rce8 31. Rb8 exd3+ 32. Kxd3 Qe4+ 0-1

[Event "Bad Griesbach Seniors op 3rd"]
[Site "Bad Griesbach"]
[Date "2000.11.20"]
[Round "2"]
[White "Gelzenleichter, Siegfried"]
[Black "Sinnhoefer, Hartmut"]
[Result "1/2-1/2"]
[WhiteElo "2037"]
[BlackElo "1848"]
[PlyCount "51"]
[EventDate "2000.11.19"]
[EventType "swiss"]
[EventRounds "7"]
[EventCountry "GER"]
[SourceTitle "EXT 2006"]
[Source "ChessBase"]
[SourceDate "2005.11.24"]
[SourceVersion "1"]
[SourceVersionDate "2005.11.24"]
[SourceQuality "1"]

1. d4 Nf6 2. Nf3 c5 3. d5 d6 4. c4 e5 5. Nc3 Be7 6. e4 0-0 7. Be2 Na6 8. 0-0 Nc7 9. a4 Na6 10. Ne1 Nd7 11. f4 Nb4 12. Nf3 exf4 13. Bxf4 f6 14. Qd2 Ne5 15. Bg3 Bd7 16. Nxe5 fxe5 17. Rxf8+ Bxf8 18. Rf1 a6 19. Bd1 Be7 20. Bh5 Bf6 21. Qe2 Qe7 22. b3 Rf8 23. Nd1 Bg5 24. Rxf8+ Qxf8 25. Bg4 Qc8 26. Bf3 1/2-1/2